Suomen "-la" ja "-lä" -päätteiset kunnat - Statistics

General Stats
  • This quiz has been taken 302 times
  • The average score is 16 of 43
Answer Stats
Hint Answer % Correct
Kymenlaakso Kouvola
57%
Keski-Suomi Jyväskylä
56%
Lappi Kittilä
54%
Keski-Pohjanmaa Kokkola
49%
Päijät-Häme Hollola
47%
Päijät-Häme Heinola
46%
Pirkanmaa Pirkkala
46%
Uusimaa Karkkila
45%
Pirkanmaa Lempäälä
45%
Satakunta Nakkila
45%
Uusimaa Mäntsälä
44%
Lappi Sodankylä
43%
Kanta-Häme Hattula
42%
Päijät-Häme Orimattila
41%
Pirkanmaa Kangasala
40%
Lappi Salla
40%
Lappi Tervola
38%
Päijät-Häme Asikkala
37%
Päijät-Häme Hartola
37%
Etelä-Karjala Parikkala
37%
Uusimaa Tuusula
37%
Satakunta Ulvila
37%
Kanta-Häme Janakkala
36%
Kymenlaakso Miehikkälä
36%
Kanta-Häme Tammela
36%
Kanta-Häme Humppila
35%
Ahvenanmaa Jomala
35%
Uusimaa Myrskylä
33%
Uusimaa Pukkila
33%
Pirkanmaa Sastamala
33%
Uusimaa Askola
32%
Keski-Suomi Karstula
31%
Pohjois-Pohjanmaa Nivala
31%
Pirkanmaa Urjala
31%
Päijät-Häme Kärkölä
30%
Keski-Suomi Kinnula
30%
Varsinais-Suomi Laitila
29%
Etelä-Savo Puumala
29%
Satakunta Säkylä
29%
Pohjois-Karjala Rääkkylä
28%
Varsinais-Suomi Marttila
24%
Pohjois-Pohjanmaa Vaala
24%
Pirkanmaa Mänttä-Vilppula
23%
No matching quizzes found
Score Distribution
Percent of People with Each Score
Percentile by Number Answered
Your Score History
You have not taken this quiz